• 首页
  • 本馆介绍
  • 公告通知
  • 最新文献
  • 馆藏检索
  • 电子资源
  • 读者导购
  • 参考咨询
  • 我的图书馆
  • 登录
  • 详细信息显示
  • 放入我的书架
  • 预约/预借图书
  • 作者相关作品
  • 分类相关作品
  • 丛书相关作品
  • 出版社相关作品

书目信息

  • 表格格式
  • 工作单格式
  • 卡片格式
题名:
反应过程的数模放大实析
    
 
作者: 张庆云 编
分册:  
出版信息: 北京   高等教育出版社  1988.11
页数: 156页
开本: 20厘米
丛书名:
单 册:
中图分类: TQ018
科图分类: 81.1057
主题词: 化学工业--基础理论
电子资源:
ISBN: 7-04-000568-9
000 00927nam0 2200265 45
001 0189019069
005 20070802084112.23
010    @a7-04-000568-9@dCNY1.55
020    @a89
100    @a19910513d1988 m y0chiy0120 ea
101 0  @achi
102    @aCN@b110000
105    @ay z 000yy
200 10 @a反应过程的数模放大实析@Afan ying guo cheng de shu mo fang da shi xi@f张庆云编@Fzhang qing yun bian
210    @a北京@c高等教育出版社@d1988.11
215    @a156页@d20厘米
300    @a高等学校教学参考书
330    @a本书共分五章,内容包括化学反应过程的开发放大简介;乙苯丙烯共氧化反应过程的概述;氧化反应过程数字模型的建立;环氧化反应过程数学模型的建立;共氧化反应装置的最佳化。
540 1  @a反应过程 数模@Afan ying guo cheng shu mo
606 0  @a化学工业@x基础理论
690    @aTQ018
692    @a81.1057@v1974
701  0 @a张庆云@Azhang qing yun@4编
801  0 @aCN@bNLC@c20070802
905    @f1@b218716@dTQ018@e28
    
    反应过程的数模放大实析/张庆云编.-北京:高等教育出版社,1988.11
    156页;20厘米
    高等学校教学参考书
    
    ISBN 7-04-000568-9:CNY1.55
    本书共分五章,内容包括化学反应过程的开发放大简介;乙苯丙烯共氧化反应过程的概述;氧化反应过程数字模型的建立;环氧化反应过程数学模型的建立;共氧化反应装置的最佳化。
●
相关链接 在E读中查询图书 在五车中查询图书 在当当中查询图书 在豆瓣中查询图书


正题名:反应过程的数模放大实析     索取号:TQ018/28         预约/预借

序号 登录号 条形码 馆藏地/架位号 状态 备注
1 0218716   001647150   第三借阅区/ [索取号:TQ018/28] 在馆    
2 0218717   001647141   第二样本阅览室/ [索取号:TQ018/28] 在馆    
3 0790788   207907880   密集书库/ [索取号:TQ018/28] 在馆    
唐山师范学院图书馆 欢迎您!
大连网信软件有限公司© 版权所有